Deutsche Bundesminister - Statistiken

Allgemein
  • Dieses Quiz wurde 788 mal gespielt
    560 seit der letzten Aktualisierung
  • Das Durchschnittsergebnis liegt bei 159 aus 349
Antwortstatistiken
Ministerium Partei Antwort % Korrekt
Bundeskanzler CDU Angela Merkel
98%
Umwelt CDU Angela Merkel
98%
Familie & Jugend CDU Angela Merkel
98%
Bundeskanzler SPD Olaf Scholz
97%
Finanzen SPD Olaf Scholz
97%
Arbeit und Soziales SPD Olaf Scholz
97%
Bundesrat SPD Carlo Schmid
96%
Bundeskanzler CDU Helmut Kohl
96%
Bundeskanzler CDU Konrad Adenauer
96%
Auswärtiges CDU Konrad Adenauer
96%
Verteidigung CDU Rupert Scholz
96%
Bundeskanzler SPD Gerhard Schröder
95%
Auswärtiges CDU Gerhard Schröder
95%
Inneres CDU Gerhard Schröder
95%
Verteidigung CDU Gerhard Schröder
95%
Bundeskanzler SPD Helmut Schmidt
95%
Auswärtiges SPD Helmut Schmidt
95%
Finanzen SPD Helmut Schmidt
95%
Verteidigung SPD Helmut Schmidt
95%
Agrar & Ernährung CSU Christian Schmidt
94%
Familie CDU Kristina Köhler / Schröder
94%
Bundeskanzler CDU Ludwig Erhard
94%
Wirtschaft CDU Ludwig Erhard
94%
Familie SPD Renate Schmidt
94%
Gesundheit SPD Ulla Schmidt
94%
Bundeskanzler SPD Willy Brandt
94%
Auswärtiges SPD Willy Brandt
94%
Bes. Aufgaben/Kanzleramt SPD Wolfgang Schmidt
94%
Auswärtiges Grüne Annalena Baerbock
92%
Bundeskanzler CDU Kurt Georg Kiesinger
92%
Finanzen FDP Christian Lindner
87%
Gesundheit Grüne Andrea Fischer
86%
Auswärtiges Grüne Joschka Fischer
86%
Wirtschaftliche Zus. CSU Gerd Müller
84%
Wirtschaft Grüne Robert Habeck
84%
Wirtschaft - Werner Müller
84%
Inneres CSU Horst Seehofer
83%
Agrar & Ernährung CSU Horst Seehofer
83%
Gesundheit CSU Horst Seehofer
83%
Verteidigung CDU Ursula von der Leyen
82%
Auswärtiges FDP Guido Westerwelle
81%
Arbeit und Soziales CDU Ursula von der Leyen
81%
Familie CDU Ursula von der Leyen
81%
Agrar & Ernährung Grüne Cem Özdemir
80%
Auswärtiges SPD Frank-Walter Steinmeier
80%
Auswärtiges SPD Frank-Walter Steinmeier
80%
Inneres CDU Wolfgang Schäuble
80%
Inneres CDU Wolfgang Schäuble
80%
Finanzen CDU Wolfgang Schäuble
80%
Bes. Aufgaben/Kanzleramt CDU Wolfgang Schäuble
80%
Gesundheit FDP Daniel Bahr
79%
Wirtschaftliche Zus. SPD Egon Bahr
79%
Bes. Aufgaben/Kanzleramt SPD Egon Bahr
79%
Auswärtiges FDP Hans-Dietrich Genscher
79%
Auswärtiges FDP Hans-Dietrich Genscher
79%
Inneres FDP Hans-Dietrich Genscher
79%
Auswärtiges SPD Heiko Maas
79%
Justiz SPD Heiko Maas
79%
Verkehr CSU Andreas Scheuer
78%
Gesundheit CDU Jens Spahn
78%
Gesundheit SPD Karl Lauterbach
78%
Arbeit und Soziales SPD Hubertus Heil
77%
Verteidigung CDU Annegret Kramp-Karrenbauer
76%
Justiz SPD Christine Lambrecht
74%
Auswärtiges SPD Sigmar Gabriel
74%
Wirtschaft SPD Sigmar Gabriel
74%
Umwelt SPD Sigmar Gabriel
74%
Finanzen CSU Franz Josef Strauß
73%
Verteidigung CSU Franz Josef Strauß
73%
Bes. Aufgaben/Kanzleramt CSU Franz Josef Strauß
73%
Atomfragen CSU Franz Josef Strauß
73%
Verkehr FDP Volker Wissing
73%
Wirtschaft CSU Karl-Theodor zu Guttenberg
72%
Verteidigung CSU Karl-Theodor zu Guttenberg
72%
Auswärtiges FDP Walter Scheel
72%
Wirtschaftliche Zus. FDP Walter Scheel
72%
Verteidigung SPD Christine Lambrecht
71%
Familie SPD Christine Lambrecht
71%
Wirtschaft CDU Peter Altmaier
71%
Umwelt CDU Peter Altmaier
71%
Bes. Aufgaben/Kanzleramt CDU Peter Altmaier
71%
Verkehr CSU Alexander Dobrindt
70%
Umwelt SPD Svenja Schulze
69%
Wirtschaftliche Zus. SPD Svenja Schulze
69%
Arbeit und Soziales SPD Andrea Nahles
68%
Justiz FDP Marco Buschmann
68%
Inneres SPD Nancy Faeser
67%
Wirtschaft FDP Philipp Rösler
67%
Gesundheit FDP Philipp Rösler
67%
Finanzen SPD Oskar Lafontaine
65%
Finanzen SPD Peer Steinbrück
65%
Bes. Aufgaben/Kanzleramt CDU Helge Braun
64%
Umwelt Grüne Jürgen Trittin
64%
Agrar & Ernährung Grüne Renate Künast
64%
Bes. Aufgaben/Kanzleramt CDU Lothar de Maiziere
63%
Inneres CDU Thomas de Maiziere
63%
Inneres CDU Thomas de Maiziere
63%
Verteidigung CDU Thomas de Maiziere
63%
Bes. Aufgaben/Kanzleramt CDU Thomas de Maiziere
63%
Familie SPD Franziska Giffey
62%
Auswärtiges FDP Klaus Kinkel
62%
Justiz FDP Klaus Kinkel
62%
Agrar & Ernährung CDU Julia Klöckner
61%
Wirtschaft FDP Jürgen Möllemann
61%
Bildung FDP Jürgen Möllemann
61%
Finanzen CSU Theo Waigel
59%
Familie Grüne Anne Spiegel
58%
Verteidigung SPD Rudolf Scharping
58%
Inneres CSU Hans-Peter Friedrich
57%
Agrar & Ernährung CSU Hans-Peter Friedrich
57%
Inneres SPD Otto Schily
56%
Justiz FDP Sabine Leutheusser-Schnarrenberger
56%
Justiz FDP Sabine Leutheusser-Schnarrenberger
56%
Finanzen SPD Hans Eichel
55%
Justiz SPD Katarina Barley
55%
Familie SPD Katarina Barley
55%
Arbeit und Soziales CDU Norbert Blüm
55%
Arbeit und Soziales CDU Franz Josef Jung
53%
Verteidigung CDU Franz Josef Jung
53%
Familie SPD Manuela Schwesig
53%
Wirtschaft FDP Rainer Brüderle
53%
Umwelt CDU Norbert Röttgen
52%
Umwelt Grüne Steffi Lemke
52%
Inneres CSU Friedrich Zimmermann
51%
Verkehr CSU Friedrich Zimmermann
51%
Inneres FDP Gerhart Baum
51%
Agrar & Ernährung CSU Ilse Aigner
51%
Agrar & Ernährung CDU Werner Schwarz
51%
Wirtschaftliche Zus. FDP Dirk Niebel
50%
Arbeit und Soziales SPD Franz Müntefering
50%
Verkehr SPD Franz Müntefering
50%
Auswärtiges CDU Heinrich von Brentano
50%
Bildung CDU Annette Schavan
49%
Wirtschaft SPD Brigitte Zypries
48%
Justiz SPD Brigitte Zypries
48%
Finanzen CDU Gerhard Stoltenberg
48%
Verteidigung CDU Gerhard Stoltenberg
48%
Wiss. Forschung CDU Gerhard Stoltenberg
48%
Inneres CDU Gustav Heinemann
48%
Justiz SPD Gustav Heinemann
48%
Wirtschaft FDP Otto Graf Lambsdorff
48%
Wirtschaft FDP Otto Graf Lambsdorff
48%
Arbeit und Soziales SPD Walter Riester
48%
Verkehr SPD Wolfgang Tiefensee
48%
Bildung CDU Anja Karliczek
47%
Bildung FDP Bettina Stark-Watzinger
47%
Wirtschaftliche Zus. SPD Heidemarie Wieczorek-Zeul
47%
Finanzen SPD Karl Schiller
47%
Wirtschaft SPD Karl Schiller
47%
Bau SPD Klara Geywitz
47%
Justiz SPD Hans-Jochen Vogel
46%
Bau SPD Hans-Jochen Vogel
46%
Familie CDU Heiner Geißler
46%
Gesundheit CDU Heiner Geißler
46%
Agrar & Ernährung SPD Björn Engholm
45%
Bildung SPD Björn Engholm
45%
Post/Telekommunikation CDU Christian Schwarz-Schilling
45%
Verteidigung SPD Georg Leber
45%
Verkehr SPD Georg Leber
45%
Finanzen SPD Hans Apel
45%
Verteidigung SPD Hans Apel
45%
Umwelt CDU Klaus Töpfer
45%
Bau CDU Klaus Töpfer
45%
Wirtschaft FDP Martin Bangemann
45%
Familie CDU Rita Süßmuth
45%
Gesundheit CDU Rita Süßmuth
45%
Agrar & Ernährung CDU Heinrich Lübke
44%
Verteidigung CDU Kai-Uwe von Hassel
44%
Gesamtdeutsche Fragen CDU Rainer Barzel
44%
Innerdeutsche Beziehungen CDU Rainer Barzel
44%
Familie SPD Antje Huber
43%
Gesundheit SPD Antje Huber
43%
Verkehr CDU Günther Krause
43%
Bes. Aufgaben/Kanzleramt CDU Günther Krause
43%
Post/Telekommunikation CDU Günther Krause
43%
Vertriebene CDU Kai-Uwe von Hassel
43%
Verteidigung CDU Volker Rühe
43%
Inneres FDP Werner Maihofer
43%
Bes. Aufgaben/Kanzleramt FDP Werner Maihofer
43%
Wirtschaftliche Zus. SPD Erhard Eppler
42%
Justiz SPD Hertha Däubler-Gmelin
42%
Justiz SPD Horst Ehmke
42%
Bes. Aufgaben/Kanzleramt SPD Horst Ehmke
42%
Agrar & Ernährung FDP Josef Ertl
42%
Agrar & Ernährung FDP Josef Ertl
42%
Familie SPD Anke Fuchs
41%
Gesundheit SPD Anke Fuchs
41%
Forschung/Technologie CDU Heinz Riesenhuber
41%
Verkehr SPD Manfred Stolpe
41%
Verkehr CSU Peter Ramsauer
41%
Familie CDU Claudia Nolte
40%
Wirtschaft FDP Günther Rexrodt
40%
Verteidigung CDU Manfred Wörner
40%
Inneres CDU Robert Lehr
40%
Familie CDU Ursula Lehr
40%
Gesundheit CDU Ursula Lehr
40%
Umwelt CDU Walter Wallmann
40%
Finanzen SPD Hans Matthöfer
39%
Forschung/Technologie SPD Hans Matthöfer
39%
Post SPD Hans Matthöfer
39%
Bildung CDU Jürgen Rüttgers
39%
Inneres SPD Jürgen Schmüde
39%
Justiz FDP Thomas Dehler
39%
Gesamtdeutsche Fragen SPD Herbert Wehner
38%
Justiz SPD Jürgen Schmude
38%
Bildung SPD Jürgen Schmude
38%
Finanzen SPD Manfred Lahnstein
38%
Wirtschaft SPD Manfred Lahnstein
38%
Familie SPD Christine Bergmann
37%
Bildung SPD Edelgard Bulmahn
37%
Familie SPD Katharina Focke
37%
Gesundheit SPD Katharina Focke
37%
Wirtschaft FDP Helmut Hausmann
36%
Bes. Aufgaben/Kanzleramt CDU Sabine Bergmann-Pohl
36%
Bildung CDU Dorothee Wilms
35%
Innerdeutsche Beziehungen CDU Dorothee Wilms
35%
Gesundheit CDU Elisabeth Schwarzhaupt
35%
Gesundheit SPD Käte Strobel
35%
Familie SPD Käthe Strobel
35%
Verkehr SPD Kurt Bodewig
35%
Verteidigung SPD Peter Struck
35%
Justiz FDP Edzard Schmidt-Jorzig
34%
Arbeit und Soziales SPD Herbert Ehrenberg
34%
Verkehr SPD Kurt Gscheidle
34%
Familie CDU Franz-Josef Wuermeling
33%
Gesundheit CSU Gerda Hasselfeldt
33%
Bau CSU Gerda Hasselfeldt
33%
Familie & Senioren CDU Hannelore Rönsch
33%
Gesundheit CDU Hermann Gröhe
33%
Agrar & Ernährung CSU Ignaz Kiechle
33%
Post CSU Richard Stücklen
33%
Justiz FDP Hans Engelhard
32%
Verkehr CSU Jürgen Warnke
32%
Wirtschaftliche Zus. CSU Jürgen Warnke
32%
Wirtschaftliche Zus. CSU Jürgen Warnke
32%
Arbeit und Soziales SPD Wolfgang Clement
32%
Wirtschaft SPD Wolfgang Clement
32%
Inneres CDU Manfred Kanther
31%
Familie CDU Aenne Brauksiepe
28%
Wirtschaftliche Zus. SPD Marie Schlei
27%
Finanzen SPD Alexander Möller
26%
Bildung CDU Johanna Wanka
26%
Bau CSU Oscar Schneider
26%
Wirtschaftliche Zus. SPD Rainer Offergeld
26%
Innerdeutsche Beziehungen SPD Egon Franke
25%
Inneres CSU Hermann Höcherl
25%
Agrar & Ernährung CSU Hermann Höcherl
25%
Bau FDP Irmgard Schwaetzer
25%
Wirtschaft CSU Michael Glos
25%
Innerdeutsche Beziehungen CDU Heinrich Windelen
24%
Vertriebene CDU Heinrich Windelen
24%
Agrar & Ernährung CDU Jochen Borchert
24%
Agrar & Ernährung SPD Karl-Heinz Funke
24%
Bes. Aufgaben/Kanzleramt CDU Ronald Pofalla
24%
Inneres CDU Rudolf Seiters
24%
Bes. Aufgaben/Kanzleramt CDU Rudolf Seiters
24%
Verkehr SPD Volker Hauff
24%
Forschung/Technologie SPD Volker Hauff
24%
Forschung/Technologie SPD Andreas von Bülow
23%
Justiz CSU Fritz Schäffer
23%
Bildung SPD Klaus von Dohnanyi
23%
Verkehr CDU Matthias Wissmann
23%
Forschung/Technologie CDU Matthias Wissmann
23%
Umwelt SPD Barbara Hendricks
22%
Finanzen CDU Fritz Schäfer
21%
Wirtschaftliche Zus. CSU Hans Klein
21%
Bes. Aufgaben/Kanzleramt CSU Hans Klein
21%
Bes. Aufgaben/Kanzleramt FDP Hermann Schäfer
21%
Arbeit und Soziales CDU Theodor Blank
20%
Verteidigung CDU Theodor Blank
20%
Wirtschaft FDP Hans Friderichs
19%
Finanzen CDU Kurt Schmücker
19%
Wirtschaft CDU Kurt Schmücker
19%
Schatz CDU Kurt Schmücker
19%
Verkehr SPD Lauritz Lauritzen
19%
Bau SPD Lauritz Lauritzen
19%
Verkehr SPD Reinhard Klimmt
19%
Inneres CDU Ernst Benda
18%
Justiz SPD Gerhard Jahn
18%
Wirtschaftliche Zus. SPD Hans-Jürgen Wischnewski
18%
Bes. Aufgaben/Kanzleramt SPD Bodo Hombach
17%
Verkehr CDU Hans-Christoph Seebohm
17%
Gesamtdeutsche Fragen CDU Jakob Kaiser
17%
Bau CDU Paul Lücke
17%
Gesamtdeutsche Fragen FDP Erich Mende
16%
Inneres CDU Paul Lücke
16%
Bes. Aufgaben/Kanzleramt GB / BHE Waldemar Kraft
16%
Verkehr CSU Werner Dollinger
16%
Wirtschaftliche Zus. CSU Werner Dollinger
16%
Schatz CSU Werner Dollinger
16%
Post CSU Werner Dollinger
16%
Finanzen CDU Franz Etzel
15%
Bes. Aufgaben/Kanzleramt CDU Friedrich Bohl
15%
Justiz DP Hans-Joachim von Merkatz
15%
Vertriebene CDU Hans-Joachim von Merkatz
15%
Bundesrat DP CDU Hans-Joachim von Merkatz
15%
Finanzen FDP Heinz Starke
15%
Arbeit und Soziales SPD Heinz Westphal
15%
Finanzen FDP Rolf Dahlgrün
15%
Vertriebene GB/BHE CDU Theodor Oberländer
15%
Post/Telekommunikation CSU Wolfgang Bötsch
15%
Familie CDU Bruno Heck
14%
Bau CDU Bruno Heck
14%
Arbeit und Soziales CDU Hans Katzer
14%
Bes. Aufgaben/Kanzleramt CDU Heinrich Krone
14%
Verteidigungsrat CDU Heinrich Krone
14%
Gesamtdeutsche Fragen CDU Johann Baptist Gradl
14%
Vertriebene CDU Johann Baptist Gradl
14%
Justiz CDU Karl Weber
14%
Bildung FDP Rainer Ortleb
14%
Bes. Aufgaben/Kanzleramt FDP Rainer Ortleb
14%
Wirtschaftliche Zus. CSU Carl-Dieter Spranger
13%
Bau CSU Eduard Oswald
13%
Post CSU Hans Scheuberth
13%
Post CSU Hans Schuberth
13%
Bes. Aufgaben/Kanzleramt CDU Ludger Westrik
13%
Atomfragen/Kernenergie CSU Siegfried Balke
13%
Post CSU Siegfried Balke
13%
Arbeit und Soziales SPD Walter Arendt
13%
Justiz FDP/DVP Ewald Bucher
12%
Bau FDP Ewald Bucher
12%
Bundesrat DP Heinrich Hellwege
12%
Bundesrat CSU Alois Niederalt
11%
Arbeit und Soziales CDU Anton Storch
11%
Justiz CSU Richard Jaeger
11%
Vertriebene FDP Wolfgang Mischnick
11%
Justiz FDP Wolfgang Stammberger
11%
Gesamtdeutsche Fragen CDU Ernst Lemmer
10%
Vertriebene CDU Ernst Lemmer
10%
Post CDU Ernst Lemmer
10%
Schatz CDU Hermann Lindrath
10%
Bes. Aufgaben/Kanzleramt CDU Robert Tillmanns
10%
Justiz FDP Fritz Neumayer
9%
Bau FDP Fritz Neumayer
9%
Vertriebene CDU Hans Krüger
8%
Schatz CDU Hans Wilhelmi
8%
Forschung/Technologie CDU Paul Krüger
8%
Bau FDP/FVP Victor-Emanuel Preusker
8%
Vertriebene CDU Hans Lukaschek
6%
Agrar & Ernährung CSU Wilhelm Niklas
6%
Bes. Aufgaben/Kanzleramt DSU Hansjoachim Walther
5%
Bildung SPD Helmut Rohde
4%
Bau SPD Karl Ravens
4%
Bau SPD Otto Haack
4%
Wiss. Forschung FDP Hans Lenz
3%
Schatz FDP Hans Lenz
3%
Bau FDP Eberhard Wildermuth
2%
Bildung - Hans Leussink
2%
Bildung FDP Karl-Heinz Laermann
2%
Keine übereinstimmenden Quizze gefunden
Verteilung der Resultate
Anzahl Personen mit jedem Resultat
Perzentil nach korrekt beantworteten Fragen
Ihre Resultats-Entwicklung
Sie haben dieses Quiz seit der letzten Aktualisierung nicht gespielt